| 000 | 00714nam a22002417a 4500 | ||
|---|---|---|---|
| 010 | _aB-122824 | ||
| 020 |
_a8189575007 _c225.00 |
||
| 035 | _aB-122824 | ||
| 037 | _aCen Lib/Ret | ||
| 040 |
_aDPL _bUR |
||
| 082 |
_a ک _bر ا م |
||
| 100 |
_aلعل رام _9656 |
||
| 245 |
_a/گزرتے لمحوں کی چا پ _bرام لعل |
||
| 246 |
_aGuzarte lamho ki chaap / _bby Ram Lal |
||
| 260 |
_aنی دہلی _bاردو بک سوسائٹی _c2005 |
||
| 270 | _aدریاگنج | ||
| 300 |
_a225p. _c22cm(Hb) |
||
| 650 |
_aاردو ادب _9141798 |
||
| 650 |
_aکہانیاں _9141799 |
||
| 650 |
_aUrdu literature _9141800 |
||
| 650 |
_astories _97500 |
||
| 942 |
_2ddc _cUR _h ک _mر ا م |
||
| 999 |
_c109424 _d109424 |
||